Economics Decision analysis in construction (Record no. 554140)
[ view plain ]
| 000 -LEADER | |
|---|---|
| fixed length control field | 00405nam a22001337a 4500 |
| 082 ## - DEWEY DECIMAL CLASSIFICATION NUMBER | |
| Classification number | CP-79 |
| 100 ## - MAIN ENTRY--PERSONAL NAME | |
| Personal name | Dr Hafiz Zahoor Ahmad Khan |
| 9 (RLIN) | 51464 |
| 245 ## - TITLE STATEMENT | |
| Title | Economics Decision analysis in construction |
| Remainder of title | Course Pack MS CE& M |
| Statement of responsibility, etc. | Dr Hafiz Zahoor Ahmad Khan |
| 250 ## - EDITION STATEMENT | |
| Edition statement | Spring Semester 2018 |
| 260 ## - PUBLICATION, DISTRIBUTION, ETC. | |
| Place of publication, distribution, etc. | Risalpur, |
| Name of publisher, distributor, etc. | MCE, |
| Date of publication, distribution, etc. | 2018. |
| 300 ## - PHYSICAL DESCRIPTION | |
| Extent | Different pages |
| 526 ## - STUDY PROGRAM INFORMATION NOTE | |
| Program name | 0 |
| Interest level | 0 |
| Reading level | 0 |
| Title point value | CP_79 |
| 942 ## - ADDED ENTRY ELEMENTS (KOHA) | |
| Source of classification or shelving scheme | |
| Koha item type | Book Bank |
| Withdrawn status | Lost status | Source of classification or shelving scheme | Damaged status | Not for loan | Permanent Location | Current Location | Date acquired | Total Checkouts | Full call number | Barcode | Date last seen | Price effective from | Koha item type |
|---|---|---|---|---|---|---|---|---|---|---|---|---|---|
| Military College of Engineering (MCE) | Military College of Engineering (MCE) | 10/04/2018 | CP-79 | MCE-CP-79 | 10/04/2018 | 10/04/2018 | Book Bank |
